Osobitosti školského systému vo Francúzsku a v krajinách Beneluxu
Pohľad na súčasnú flexibilitu školských systémov EÚ. Školský systém vo Francúzsku. Systém vzdelávania v krajinách Beneluxu. Vzdelávanie v Holandsku, Belgicku a Luxembursku.
Saved in:
| Main Author: | |
|---|---|
| Format: | Book Chapter |
| Language: | Slovak |
| Subjects: | |
| Tags: |
No Tags, Be the first to tag this record!
|
MARC
| LEADER | 00000naa a2200000 4500 | ||
|---|---|---|---|
| 001 | 0152711 | ||
| 005 | 20231127102608.9 | ||
| 041 | 0 | |a slo | |
| 044 | |a SK | ||
| 245 | 1 | 0 | |a Osobitosti školského systému vo Francúzsku a v krajinách Beneluxu |c Tatiana Soroková |
| 520 | |a Pohľad na súčasnú flexibilitu školských systémov EÚ. Školský systém vo Francúzsku. Systém vzdelávania v krajinách Beneluxu. Vzdelávanie v Holandsku, Belgicku a Luxembursku. | ||
| 610 | 2 | 0 | |a vzdelávanie |
| 610 | 2 | 0 | |a Holandsko |
| 610 | 2 | 0 | |a Belgicko |
| 610 | 2 | 0 | |a Luxembursko |
| 100 | 1 | |a Soroková, Tatiana | |